[Event "US Open"]
[Site "Vancouver, WA"]
[Date "2012.08.07"]
[Round "4"]
[White "McAleer, James (WA)"]
[Black "Dietz, Arliss (OR)"]
[Result "0-1"]
[WhiteElo "1779"]
[BlackElo "1583"]
[PlyCount "106"]

1.c4 Nf6 2.g3 g6 3.Bg2 Bg7 4.Nc3 O-O 5.Nf3 c6 6.O-O d5 7.cxd5
Nxd5 8.Qb3 Nxc3 9.dxc3 Nd7 ( 9...Qc7 10.Rd1 a5 11.a4 e5 12.Be3
Be6 13.Qc2 Nd7 14.Ng5 Bf5 15.Qb3 h6 16.Ne4 Be6 17.Qc2 f5 18.Nc5
Nxc5 19.Bxc5 Rfd8 20.e4 Rxd1+ 21.Qxd1 Rd8 22.Qe2 h5 23.exf5 Bxf5
24.Qc4+ Kh7 25.Be3 c5 {1/2-1/2, Kovacs Laszlo (HUN) 2021 - Kosa Peter (HUN) 2137, Debrecen (Hungary) 1997}
) 10.Be3 Nf6 11.Rfd1 Qc7 12.a4 Be6 13.Qa3 Nd5 14.Bd4 Rfe8 15.c4
Nf6 16.Qc3 c5 17.Be5 Qc8 18.Ng5 Bd7 19.a5 h6 20.Nf3 Bh3 21.Qc2
Bxg2 22.Kxg2 Rd8 23.Bc3 Ne8 24.Rd3 Rxd3 25.exd3 Bxc3 26.Qxc3
Qf5 27.d4 cxd4 28.Qxd4 Nf6 29.Qd2 g5 30.Rc1 Rc8 31.b4 Kf8 32.Qe3
a6 33.Ne5 Qe4+ 34.Qxe4 Nxe4 35.Kf3 Nd6 36.Ke3 f6 37.Nd7+ Ke8
38.Nc5 Rb8 39.Kd3 Kd8 40.Kd4 Ne8 41.b5 axb5 42.cxb5 b6 43.Ne6+
Kd7 44.Nf8+ Kd8 45.a6 Nc7 46.Kc4 Ke8 47.Kb4 Nd5+ 48.Kc4 Rc8+
49.Kxd5 Rxc1 50.Ne6 Kd7 51.Nd4 e5 52.Nc6 Kc7 53.Nb4 Rc5+ 0-1

[Event "US Open"]
[Site "Vancouver, WA"]
[Date "2012.08.07"]
[Round "4"]
[White "Miller, Russell (WA)"]
[Black "Buerer, Harry (OR)"]
[Result "1-0"]
[WhiteElo "1500"]
[BlackElo "1199"]
[PlyCount "57"]

1.d4 Nf6 2.c4 e6 3.Nc3 Bb4 4.Qc2 O-O 5.Bg5 h6 6.Bh4 d5 7.e3 c5
8.Rd1 { %08DA} Qa5 9.Bxf6 gxf6 10.Nf3 Qxa2 11.Bd3 f5 12.cxd5
exd5 13.O-O Bxc3 14.Qxc3 cxd4 15.Qxd4 Nc6 16.Qf6 Nb4 17.Ra1 Qb3
18.Ra3 Qxd3 19.Rxd3 Nxd3 20.Qxh6 f4 21.Qg5+ Kh7 22.Rd1 Nxb2 23.Rxd5
Be6 24.Qh4+ Kg6 25.Rg5+ Kf6 26.Rg4+ Kf5 27.Rxf4+ Kg6 28.Qg5+
Kh7 29.Rh4# 1-0

[Event "US Open"]
[Site "Vancouver, WA"]
[Date "2012.08.07"]
[Round "4"]
[White "Mulyar, Michael (CO)"]
[Black "Sinanan, Joshua (WA)"]
[Result "1-0"]
[WhiteElo "2456"]
[BlackElo "2259"]
[PlyCount "53"]

1.c4 Nf6 2.Nf3 e6 3.g3 d5 4.d4 dxc4 5.Bg2 a6 6.Ne5 c5 7.Na3 cxd4
8.Naxc4 Be7 9.O-O ( 9.Bd2 a5 10.Qb3 Nbd7 11.Bxb7 a4 12.Qf3 Bxb7
13.Qxb7 Nxe5 14.Nxe5 Qd5 15.Qc6+ Qxc6 16.Nxc6 Ne4 17.f3 Nxd2
18.Kxd2 Bf6 19.Kd3 Ra6 20.Rhc1 Kd7 21.Nb4 Rb6 22.Rc4 h5 23.Rac1
Be5 24.Nc6 Bd6 25.Nxd4 Ra8 26.R1c2 h4 27.f4 hxg3 28.hxg3 e5 29.Nf3
exf4 30.gxf4 a3 31.b3 Rxb3+ 32.axb3 a2 33.Rxa2 Rxa2 34.e3 Rg2
35.Ra4 Rg3 36.Nd4 g6 37.Ra7+ Ke8 38.Ke4 f5+ 39.Kd5 Bf8 40.e4
{1-0, Almasi Istvan (HUN) 2430 - Vadasz Laszlo (HUN) 2320, Budapest (Hungary) 1997}
) O-O 10.Bd2 a5 11.Qe1 Nd5 12.Bxa5 b6 13.Bxb6 Nxb6 14.Nxb6 Ra7
15.Nxc8 Qxc8 16.Qd2 Qc5 17.Nd3 Qb6 18.Rfc1 Bd6 19.b4 Ra3 20.Qb2
Qa7 21.b5 Qb6 22.Ne5 Ra4 23.Nc4 Qc5 24.Qc2 Rb4 25.Nxd6 Qxd6 26.a4
Nd7 27.Qc7 1-0

[Event "US Open"]
[Site "Vancouver, WA"]
[Date "2012.08.07"]
[Round "4"]
[White "Neyndorff, Luke (CA)"]
[Black "Davis, Joe (WA)"]
[Result "0-1"]
[WhiteElo "1902"]
[BlackElo "1648"]
[PlyCount "92"]

{Fourth round of the 2012 US Open. Even though I lost last round, I got paired against a 1900 player.} 1.c4
e5 2.d3 {In my recent match play against Jothi he played this also, so I felt like I had some ideas of how to play.}
Nf6 3.Nc3 Bb4 4.Qc2 {this move was new to me and Fritz book doesn't show it.}
O-O 5.Bd2 Re8 6.g3 c6 ( 6...d5 {right away may have been better  Houdini 1.5a w32:}
7.cxd5 Bxc3 8.Bxc3 Qxd5 9.Nf3 e4 10.dxe4 Nxe4 11.Rd1 Qc5 12.e3
Nc6 13.Bd3 Nxc3 14.Qxc3 Qxc3+ 15.bxc3 Bg4 16.Be2 Bf5 17.O-O Rad8
18.Kg2 Be4 { [%eval -16,18]} ) 7.Bg2 d5 8.cxd5 cxd5 9.Nf3 Bxc3
{?!  I didn't really consider white taking back with the pawn.}
( 9...Nc6 10.a3 Be7 11.O-O Bg4 12.Rac1 Rc8 13.Bg5 Qd7 14.Rfe1
h6 15.Bxf6 Bxf6 16.e3 Be6 17.Rf1 a6 18.b4 Qd6 19.Rfe1 Bf5 {[%eval -35,20]}
) 10.bxc3 Nc6 11.O-O h6 12.Rab1 e4 13.Nd4 exd3 14.exd3 Nxd4 15.cxd4
{I felt like I could control the c file and have a slight edge}
b6 16.Rb3 Bd7 17.Bf4 {??} ( 17.Rc3 Rc8 18.Rc1 Qe7 {Houdini 1. 5a w32:}
19.Re1 Rxc3 20.Qxc3 Qd8 21.Rc1 Qe7 22.h3 Bf5 23.Bf1 Rc8 24.Qb2
Rxc1 25.Qxc1 Be6 26.Qc6 Qa3 27.Qc2 Ne8 28.Kg2 Bd7 29.Be2 Qd6
30.Bf3 g5 31.a4 Kg7 32.Qb3 {[%eval 4,20]} ) Ba4 18.Rc1 Bxb3
( 18...Qd7 19.Ra1 Rac8 20.Qd2 Bxb3 21.axb3 a5 22.Bf1 Qb5 23.Qd1
Rc3 24.Rb1 Rec8 25.Be5 Nd7 26.Bf4 g5 27.Be3 Nf8 28.h4 Ne6 29.hxg5
hxg5 30.Rb2 Qb4 31.Bg2 {[%eval -166,19]} ) 19.Qxb3 Rc8 20.Rb1
Re2 21.Bf3 Rec2 22.Be5 R2c3 ( 22...Qd7 23.Bxf6 Qh3 24.Bd1 {but it doesn't work}
( 24.Re1 {!} ) ) ( 22...R8c3 23.Qa4 Qd7 24.Qxd7 Nxd7 25.Bxd5
Nxe5 26.dxe5 Rc1+ 27.Rxc1 Rxc1+ 28.Kg2 Rc5 29.Bb3 Rxe5 30.Kf3
Kf8 31.a4 Re1 32.Bc4 Ke7 33.Bb5 Ra1 34.h4 Kd6 35.Ke4 Re1+ 36.Kd4
Re2 37.f4 f5 {[%eval -299,20]} ) 23.Qb5 Qd7 {now it works} 24.Bxf6
Qxb5 25.Rxb5 gxf6 26.Rxd5 Rxd3 27.Be4 {?} Rd1+ 28.Kg2 Rc4 29.Kf3
Rdxd4 30.Rxd4 Rxd4 31.Ke3 Rd6 32.Bd3 Kf8 33.f4 Ke7 34.g4 {I know realized that white can create a past pawn if the pieces are off.}
Rd5 35.h4 h5 {!} 36.Be2 hxg4 37.Bxg4 Ra5 38.h5 Rxa2 39.Ke4 Rh2
40.Bd1 a5 41.Kf5 b5 42.Kg4 Kf8 43.Kg3 Rh1 44.Bf3 Rg1+ 45.Kf2
Rg8 46.Be4 Kg7 {white resigned.} 0-1

[Event "US Open"]
[Site "Vancouver, WA"]
[Date "2012.08.07"]
[Round "4"]
[White "Pabon, Tony (CA)"]
[Black "Carson, Phil (OR)"]
[Result "1/2-1/2"]
[WhiteElo "1671"]
[BlackElo "1555"]
[PlyCount "72"]

1.d4 g6 2.c4 Bg7 3.Nc3 c5 4.d5 d6 5.e4 Bxc3+ 6.bxc3 Qa5 7.Qb3
Nf6 8.f3 {%08DA} Nbd7 9.Bd2 Qc7 10.Bh6 Ne5 11.Ne2 Nd3+ 12.Kd2
Ne5 13.Bg7 Rg8 14.Bxf6 exf6 15.Nf4 f5 16.Bd3 b6 17.exf5 Nxd3
18.Nxd3 gxf5 19.Nf4 Bd7 20.Rhe1+ Kf8 21.Re2 Re8 22.Rae1 Rxe2+
23.Rxe2 Qd8 24.Qd1 b5 25.Qb3 Qa5 26.Nh5 Rg6 27.Nf4 Rh6 28.g3
a6 29.Kc1 bxc4 30.Qb8+ Kg7 31.Kb2 Qb5+ 32.Qxb5 axb5 33.h4 Kf8
34.Kc1 Rf6 35.Kb2 b4 36.Re1 Ba4 1/2-1/2

[Event "US Open"]
[Site "Vancouver, WA"]
[Date "2012.08.07"]
[Round "4"]
[White "Parsons, Michael (WA)"]
[Black "Murray, Dillon (OR)"]
[Result "0-1"]
[WhiteElo "1856"]
[BlackElo "1563"]
[PlyCount "66"]

1.e4 e5 2.Nf3 Nc6 3.Bb5 a6 4.Ba4 d6 5.O-O Bd7 6.c3 Nf6 7.Bc2
g6 8.d4 Bg7 9.Nbd2 {%08DA} O-O 10.Qe2 Nh5 11.Rd1 exd4 12.cxd4
Nxd4 13.Nxd4 Bxd4 14.Nf3 Bf6 15.e5 Re8 16.Qd2 Bxe5 17.Nxe5 Rxe5
18.b4 Ng7 19.Bb2 Rh5 20.Qc3 f6 21.Rac1 Bc6 22.f4 g5 23.Bb3+ d5
24.g4 Rh4 25.h3 h6 26.Kh2 Ne8 27.Qf3 Qd6 28.Bxd5+ Bxd5 29.Qxd5+
Qxd5 30.Rxd5 h5 31.gxh5 Rxf4 32.Kg3 Nd6 33.Re1 Ne4+ 0-1

[Event "US Open"]
[Site "Vancouver, WA"]
[Date "2012.08.07"]
[Round "4"]
[White "Peake, Ethan (OR)"]
[Black "Guadalupe, Francisco (TX)"]
[Result "0-1"]
[WhiteElo "1907"]
[BlackElo "2305"]
[PlyCount "128"]

1.e4 e5 2.Nf3 Nc6 3.Bb5 a6 4.Ba4 Nf6 5.O-O Nxe4 6.d4 b5 7.Bb3
d5 8.dxe5 Be6 9.Nbd2 Nc5 10.c3 Be7 11.Bc2 Bg4 12.Re1 O-O 13.Nb3
Ne6 14.Qd3 g6 15.Nfd4 Nexd4 16.Nxd4 Nxd4 17.cxd4 Qd7 18.Be3 Bb4
19.Rec1 f6 20.Qb3 Be7 21.Bd3 Rf7 22.a4 b4 23.Qc2 fxe5 24.Qxc7
Bd6 25.Qc6 Qxc6 26.Rxc6 Rf6 27.Bg5 Re6 28.dxe5 Bb8 29.Rc8+ Kf7
30.Rac1 Rxe5 31.Rxb8 Rxb8 32.f4 Re6 33.Rc7+ Kg8 34.Rc5 Be2 35.f5
gxf5 36.Bxf5 Re5 37.g4 Bxg4 38.Bf4 Re1+ 39.Kf2 Re2+ 40.Kg3 Bxf5
41.Bxb8 Be6 42.Rc6 Kf7 43.Rxa6 Rxb2 44.a5 b3 45.Rb6 d4 46.Be5
Rd2 47.a6 d3 48.Bc3 Ra2 49.Rb7+ Kg6 50.a7 Bd5 51.Rd7 Bh1 52.Rxd3
b2 53.Rd1 Be4 54.a8Q Bxa8 55.Rd6+ Kf5 56.Rf6+ Ke4 57.Rb6 Ra3
58.Rxb2 Rxc3+ 59.Kh4 Kf4 60.Rb4+ Be4 61.Rb8 Rc6 62.Rf8+ Bf5 63.Kh5
Rc5 64.Kh4 Rc3 0-1

[Event "US Open"]
[Site "Vancouver, WA"]
[Date "2012.08.07"]
[Round "4"]
[White "Prochaska, Peter (OR)"]
[Black "Brock, William  (IL)"]
[Result "0-1"]
[WhiteElo "2200"]
[BlackElo "2095"]
[PlyCount "110"]

1.d4 d5 2.c4 c6 3.Nf3 Nf6 4.g3 g6 5.Bg2 Bg7 6.O-O O-O 7.Nc3 Ne4
8.Qb3 Nxc3 9.Qxc3 dxc4 10.Qxc4 Nd7 11.Bg5 h6 12.Bd2 Nb6 13.Qc1
Bg4 14.Rd1 Bxf3 15.Bxf3 Qxd4 16.Rb1 Rfd8 17.e4 Qc4 18.Qxc4 Nxc4
19.Bb4 Kf8 20.b3 Nd6 21.a4 Ne8 22.Bg2 Nc7 23.Bh3 Ke8 24.Bd2 h5
25.Be3 b6 26.Bf4 e5 27.Bg5 f6 28.Be3 c5 29.Kf1 Rxd1+ 30.Rxd1
Rd8 31.Rxd8+ Kxd8 32.Ke1 Ke7 33.Kd2 Kd6 34.Kc3 Kc6 35.b4 cxb4+
36.Kxb4 Bf8+ 37.Kc4 a6 38.f4 b5+ 39.axb5+ axb5+ 40.Kb3 Bc5 41.Bd7+
Kd6 42.Bxc5+ Kxc5 43.Kc3 Kd6 44.Bc8 exf4 45.gxf4 Ne6 46.f5 gxf5
47.exf5 Ng5 48.Kd4 Nf3+ 49.Ke4 Nxh2 50.Be6 Ng4 51.Kf4 b4 52.Bf7
Ne5 53.Bxh5 b3 54.Bd1 b2 55.Bc2 Nc4 0-1

[Event "US Open"]
[Site "Vancouver, WA"]
[Date "2012.08.07"]
[Round "4"]
[White "Ramirez, Alejandro (TEX)"]
[Black "Sinkewitsch, Nicholas  (OR)"]
[Result "1-0"]
[WhiteElo "2643"]
[BlackElo "1818"]
[PlyCount "43"]

1.d4 Nf6 2.c4 e6 3.g3 d5 4.Nf3 Be7 5.Bg2 O-O 6.O-O c5 7.cxd5
exd5 8.Nc3 Nc6 9.Bg5 cxd4 10.Nxd4 Be6 11.Rc1 Qd7 12.Nxe6 fxe6
13.Bh3 Rad8 14.Qa4 Ne8 15.Bf4 g5 16.Be3 h5 17.Rfd1 g4 18.Bg2
Nd6 19.Bf4 Nc4 20.Qc2 Qe8 21.Nxd5 exd5 22.Bxd5+ 1-0

[Event "US Open"]
[Site "Vancouver, WA"]
[Date "2012.08.07"]
[Round "4"]
[White "Rubsamen, Cornelius (HI)"]
[Black "Tobin, Sean (OR)"]
[Result "1/2-1/2"]
[WhiteElo "2277"]
[BlackElo "2025"]
[PlyCount "166"]

1.e4 e5 2.Nf3 Nc6 3.Bb5 Nf6 4.Qe2 d6 5.d4 a6 6.Bxc6+ bxc6 7.dxe5
dxe5 8.O-O Bd6 9.c4 O-O 10.Nc3 Bg4 11.h3 Bxf3 12.Qxf3 Nd7 13.Be3
Re8 14.Rfd1 Qf6 15.Qxf6 Nxf6 16.f3 Nd7 17.Na4 Nf8 18.Kf2 f6 19.Ke2
Kf7 20.Rd3 Ne6 21.Rad1 Rad8 22.c5 Be7 23.Rxd8 Rxd8 24.Rxd8 Bxd8
25.b3 Ke8 26.Nb2 Nf8 27.Nd3 Nd7 28.Nb4 Nb8 29.Kd3 Kd7 30.Kc4
Be7 31.Nc2 g5 32.Bf2 h6 33.Ne3 Bf8 34.h4 Ke6 35.h5 Bg7 36.Kb4
Kd7 37.Ka5 Kc8 38.Nc2 Bf8 39.Be3 Kb7 40.Nb4 Be7 41.Nd3 Bf8 42.g3
Nd7 43.Kb4 Kc8 44.Kc4 Bg7 45.Nf2 Nf8 46.Nd3 Nd7 47.Bd2 Kd8 48.a4
Kc8 49.Nf2 Kb8 50.Ng4 Kc8 51.Ne3 Bf8 52.Bb4 Kb7 53.Ng4 Bg7 54.Bd2
Kc8 55.b4 Kb7 56.Be3 Bf8 57.Nf2 Bg7 58.Nd3 Bf8 59.Nc1 Nb8 60.Nb3
Kc8 61.Na5 Kd7 62.b5 cxb5+ 63.axb5 c6 64.b6 Be7 65.Nb3 Kc8 66.Nc1
Nd7 67.Nd3 Bf8 68.Nf2 Kb7 69.Ng4 Bg7 70.Bd2 Bf8 71.Bb4 Bg7 72.Ne3
Bf8 73.Nc2 a5 74.Ba3 Ka6 75.Ne3 Bg7 76.Ng4 Kb7 77.Bc1 Bf8 78.Be3
Ka6 79.Nf2 Kb7 80.Nd3 Ka6 81.Bd2 Bg7 82.Be3 Bf8 83.Nc1 Nb8 1/2-1/2

[Event "US Open"]
[Site "Vancouver, WA"]
[Date "2012.08.07"]
[Round "4"]
[White "Rupel, David (WA)"]
[Black "Jayne, Ryan (WI)"]
[Result "1-0"]
[WhiteElo "2109"]
[BlackElo "1902"]
[PlyCount "103"]

1.d4 e6 2.Nf3 Nf6 3.Bg5 b6 4.Nbd2 Bb7 5.e4 Be7 6.Bd3 h6 7.Bh4
d6 8.Qe2 Nbd7 9.O-O O-O 10.h3 c5 11.c3 Rc8 12.Rac1 Nh5 13.Bxe7
Qxe7 14.g3 Nhf6 15.Ba6 Bxa6 16.Qxa6 Rc7 17.Qd3 Rfc8 18.e5 dxe5
19.dxe5 Ne8 20.b3 Rd8 21.Qe2 Nf8 22.Rcd1 Rcd7 23.Nc4 Ng6 24.Ne3
Nc7 25.c4 Na6 26.Rxd7 Rxd7 27.h4 Qd8 28.Rd1 Nb4 29.Rxd7 Qxd7
30.h5 Ne7 31.a3 Qd3 32.Qd2 Qxd2 33.Nxd2 Nbc6 34.f4 a5 35.Nd1
f6 36.exf6 gxf6 37.g4 Nd4 38.Kf2 Kf7 39.Nc3 Nec6 40.Na4 e5 41.f5
Nc2 42.Nxb6 N6d4 43.Nc8 Na1 44.Nd6+ Ke7 45.N2e4 Naxb3 46.Nb7
Nc2 47.a4 Na3 48.Nbd6 Nd4 49.g5 Nxc4 50.gxf6+ Kf8 51.Nxc4 Nxf5
52.Nxa5 1-0

[Event "US Open"]
[Site "Vancouver, WA"]
[Date "2012.08.07"]
[Round "4"]
[White "Sawyer, David (ID)"]
[Black "Pinto, Mark (CA)"]
[Result "0-1"]
[WhiteElo "1944"]
[BlackElo "2200"]
[PlyCount "84"]

1.c4 g6 2.g3 Bg7 3.Bg2 c5 4.d3 Nc6 5.Nc3 Nf6 6.e4 O-O 7.Nge2
d6 8.h3 Bd7 9.O-O a6 10.Bg5 h6 11.Bd2 Rb8 12.Qc1 Kh7 13.a4 Nd4
14.Nxd4 cxd4 15.Ne2 e5 16.f4 Re8 17.g4 Be6 18.Ng3 exf4 19.Bxf4
Rc8 20.g5 Ng8 21.h4 Qd7 22.h5 Bg4 23.Bf3 Be6 24.Kf2 Ne7 25.Rh1
Nc6 26.e5 dxe5 27.Bd2 e4 28.Bxe4 Ne5 29.Bf4 Ng4+ 30.Ke2 Bf5 31.Kd2
Ne3 32.Qg1 Nxc4+ 33.dxc4 Bxe4 34.Nxe4 Rxe4 35.gxh6 Bh8 36.Qf1
d3 37.hxg6+ fxg6 38.Be3 Rxe3 39.Kxe3 Qd4+ 40.Kd2 Qxb2+ 41.Kxd3
Qc3+ 42.Ke4 Qd4+ 0-1

[Event "US Open"]
[Site "Vancouver, WA"]
[Date "2012.08.07"]
[Round "4"]
[White "Seirawan, Yasser (WA)"]
[Black "Raptis, Nick (OR)"]
[Result "1-0"]
[WhiteElo "2674"]
[BlackElo "2200"]
[PlyCount "53"]

1.d4 Nf6 2.Nf3 e6 3.g3 d5 4.Bg2 Be7 5.O-O O-O 6.c4 dxc4 7.Qa4
a6 8.Qxc4 b5 9.Qc2 Bb7 10.Bf4 Bd6 11.Nbd2 Nbd7 12.Rfc1 Rc8 13.Nb3
Be4 14.Qd2 Nd5 ( 14...Nd5 15.Ne5 Nxe5 16.Bxe5 Bb4 17.Qd1 Bxg2
18.Kxg2 f6 19.Bf4 Nxf4+ 20.gxf4 Qd5+ 21.f3 Bd6 22.e3 Kh8 23.Nc5
e5 24.Qb3 Qxb3 25.axb3 Bxc5 26.Rxc5 exd4 27.exd4 Rfd8 28.Rxa6
Rxd4 29.Rxc7 Rcd8 30.Kg3 Rd3 31.Rc3 h6 32.Ra8 Rxa8 33.Rxd3 Ra2
34.Rd5 Rxb2 35.Rxb5 f5 36.h4 g6 37.h5 gxh5 38.Rxf5 Rxb3 39.Rxh5
Kg7 40.Ra5 Rb6 41.Kg4 Kf6 42.Rf5+ Kg7 43.Re5 Kf6 44.Rd5 Ra6 {1/ 2-1/2, Dizdarevic Emir (BIH) 2509 - Saric Ibro (BiH) 2441, Zenica (Bosnia & Herzegovina) 2005.11.24}
) 15.Ne5 Bxg2 16.Kxg2 Bxe5 17.Bxe5 N5b6 18.Bf4 Nc4 19.Qb4 Ndb6
20.Rc2 a5 21.Qxb5 a4 22.Nd2 Qxd4 23.Rxc4 Nxc4 24.Qxc4 Qxb2 25.Rb1
Qa3 26.Rb4 c5 27.Rb7 1-0

[Event "US Open"]
[Site "Vancouver, WA"]
[Date "2012.08.10"]
[Round "4"]
[White "Sloan, Sam (NY)"]
[Black "Sellers, Matthew (OR)"]
[Result "0-1"]
[WhiteElo "1916"]
[BlackElo "2128"]
[PlyCount "134"]

1.g4 e5 2.d3 d5 3.h3 c5 4.Bg2 Nc6 5.Nc3 Be6 6.e4 d4 7.Nce2 Bd6
8.f4 Qh4+ 9.Kf1 Qe7 10.Nf3 f6 11.f5 Bf7 12.Ng3 O-O-O 13.a3 g6
14.Kf2 Qf8 15.Bd2 Nge7 16.b4 c4 17.b5 Nb8 18.a4 c3 19.Bc1 Nd7
20.Qe2 Kb8 21.Qd1 Nc5 22.Qe2 Nc8 23.Ba3 Nxd3+ 24.Qxd3 Bxa3 25.Rhe1
Nb6 26.a5 Bc4 27.Qd1 Na4 28.Bf1 Nb2 29.Qb1 d3 30.cxd3 Bxd3 31.Qa2
Bc5+ 32.Kg2 Bxf1+ 33.Nxf1 Nd3 34.Red1 gxf5 35.exf5 e4 36.Ne1
Nf4+ 37.Kg3 Nd3 38.Qc4 Bf2+ 39.Kg2 Bxe1 40.Rxe1 Nxe1+ 41.Rxe1
Rc8 42.Qxe4 c2 43.Rc1 Qc5 44.Qf4+ Ka8 45.Ne3 Qxb5 46.Nxc2 Qe2+
47.Qf2 Qe4+ 48.Kg1 Rhd8 49.a6 bxa6 50.Kh2 Rd3 51.Re1 Rxc2 52.Qxc2
Rxh3+ 53.Kxh3 Qxc2 54.Re8+ Kb7 55.Re7+ Kb6 56.Rxh7 Qd3+ 57.Kh4
Qd2 58.Kg3 Qe3+ 59.Kh4 a5 60.Rf7 Qg5+ 61.Kg3 a4 62.Re7 a3 63.Re2
Qc1 64.Re6+ Kb5 65.Re2 Qc3+ 66.Kg2 Qb2 67.Kf3 Qxe2+ 0-1

[Event "US Open"]
[Site "Vancouver, WA"]
[Date "2012.08.09"]
[Round "4"]
[White "Sohal, Tanraj  (CAN)"]
[Black "Vibbert, Sean (IN)"]
[Result "1/2-1/2"]
[WhiteElo "2199"]
[BlackElo "2315"]
[PlyCount "84"]

1.d4 d5 2.c4 e6 3.Nf3 Nf6 4.Nbd2 Nbd7 5.g3 b6 6.Bg2 Bb7 7.O-O
Bd6 8.b3 Qe7 9.Bb2 O-O 10.Rc1 c5 11.e3 Rfd8 12.Qe2 Rac8 13.Ne5
cxd4 14.exd4 Bb4 15.Rfd1 Nb8 16.Qe3 dxc4 17.Bxb7 Qxb7 18.bxc4
Bxd2 19.Rxd2 b5 20.Qb3 Nc6 21.Qxb5 Qxb5 22.cxb5 Nxe5 23.dxe5
Nd5 24.Rdc2 Rb8 25.Bd4 Rxb5 26.Bxa7 h5 27.Bc5 Ra8 28.Bd6 Kh7
29.a3 Rb3 30.Rc4 g5 31.h4 g4 32.Ra1 Rb6 33.Rac1 Kg7 34.Rc8 Rxc8
35.Rxc8 Rb1+ 36.Kg2 Rb2 37.Kg1 Ra2 38.Bf8+ Kg6 39.Bd6 Kg7 40.Bf8+
Kh7 41.Bd6 Nb6 42.Rc6 Nd5 1/2-1/2

[Event "US Open"]
[Site "Vancouver, WA"]
[Date "2012.08.07"]
[Round "4"]
[White "Viswanathan, Abinav  (WA)"]
[Black "Shabalov, Alexander (PA)"]
[Result "0-1"]
[WhiteElo "1806"]
[BlackElo "2619"]
[PlyCount "60"]

1.d4 Nf6 2.e3 g6 3.Nf3 Bg7 4.Be2 O-O 5.b3 d6 6.Bb2 Nbd7 7.O-O
b6 8.Nbd2 Bb7 9.c4 e6 10.Rc1 Qe7 11.Rc2 e5 12.dxe5 dxe5 13.Qa1
Rfe8 14.c5 bxc5 15.Nc4 Ne4 16.Na5 Bd5 17.Rd1 c6 18.Bb5 Qe6 19.Bd3
h6 20.Bxe4 Bxe4 21.Rcd2 Bxf3 22.gxf3 Nf6 23.Rd6 Qf5 24.Kg2 Qg5+
25.Kf1 Qh5 26.Kg2 Nh7 27.Nxc6 Ng5 28.Nxe5 Bxe5 29.Bxe5 Qh3+ 30.Kh1
Qxf3+ 0-1

[Event "US Open"]
[Site "Vancouver, WA"]
[Date "2012.08.07"]
[Round "4"]
[White "Wilson, Leon (IL)"]
[Black "Tucker, Jimmy (WA)"]
[Result "0-1"]
[WhiteElo "1499"]
[BlackElo "1105"]
[PlyCount "74"]

1.d4 d5 2.c4 e6 3.Nc3 dxc4 4.Nf3 Nc6 5.Bf4 Bd6 6.Bxd6 cxd6 7.e3
d5 8.Be2 Nge7 9.O-O O-O 10.b3 Na5 11.Ne5 Nec6 12.bxc4 Nxe5 13.dxe5
Nxc4 14.f4 Nxe3 15.Qd4 Nxf1 16.Rxf1 Qb6 17.Qf2 Qxf2+ 18.Kxf2
Rd8 19.Rd1 a6 20.Bf3 Bd7 21.h4 Bc6 22.Rd4 b5 23.Ne2 Rac8 24.Kg3
a5 25.h5 h6 26.a3 Rb8 27.Rd2 b4 28.axb4 axb4 29.Rb2 b3 30.Nd4
Ba4 31.Bd1 Rb4 32.Ne2 Rdb8 33.Kf3 g6 34.g4 d4 35.Nc1 Rc8 36.Nd3
Rc3 37.Ke4 Bc6# {%02 (Now, that's a good use of pawns!)} 0-1

[Event "US Open"]
[Site "Vancouver, WA"]
[Date "2012.08.07"]
[Round "4"]
[White "Wong, Nicholas (HI)"]
[Black "Roland, Jeffrey (ID)"]
[Result "1/2-1/2"]
[WhiteElo "580"]
[BlackElo "1700"]
[PlyCount "52"]

1.g3 Nf6 2.Bg2 g6 3.c4 Bg7 4.Nc3 c6 5.Nf3 O-O 6.O-O d5 7.cxd5
cxd5 8.d3 Nc6 9.Bg5 h6 10.Bxf6 Bxf6 11.e4 e6 12.Qd2 Kh7 13.Rae1
d4 14.Nb5 e5 15.Qc2 Be6 16.Nd2 Be7 17.f4 a6 18.Na3 Rc8 19.Nb3
Nb4 20.Qb1 exf4 21.gxf4 Bh4 22.Rd1 Bg4 23.Bf3 Bh3 24.Bg2 Bg4
25.Bf3 Bh3 26.Bg2 Bg4 {3-fold repetition.} 1/2-1/2

[Event "US Open"]
[Site "Vancouver, WA"]
[Date "2012.08.07"]
[Round "4"]
[White "Yoshinaga, David (OR)"]
[Black "Ho, Daniel (WA)"]
[Result "1-0"]
[WhiteElo "1700"]
[BlackElo "1980"]
[PlyCount "71"]

1.c4 Nf6 2.Nc3 g6 3.e4 d6 4.d4 Bg7 5.Bd3 Nc6 6.Nge2 O-O 7.O-O
b6 8.f4 ( 8.a3 Bb7 9.f3 Nd7 10.Be3 e6 11.Rc1 a6 12.Qd2 Re8 13.Bb1
f5 14.Bh6 Bh8 15.d5 Na5 16.Ba2 Ne5 17.b3 Bc8 18.Nd4 exd5 19.Nxd5
Nf7 20.Be3 fxe4 21.b4 Nb7 22.fxe4 Rxe4 23.c5 Bxd4 24.Bxd4 Rxd4
25.Qxd4 Be6 26.Nf6+ Kf8 27.Bxe6 {1-0, Delannoy J - Mesnier M, Nice (France) 1938}
) Nb4 9.Bb1 Bb7 10.a3 Na6 11.Ng3 Nd7 12.f5 c5 13.d5 Ne5 14.Qe2
Nc7 15.Bf4 Nxc4 16.Qxc4 Ba6 17.Qb3 Bxf1 18.Kxf1 b5 19.Nd1 a5
20.Qe3 a4 21.Bh6 Bd4 22.Qd2 Re8 23.Ne2 Bf6 24.Ne3 Na6 25.Ng4
Bh8 26.h4 Nb8 27.h5 Nd7 28.hxg6 hxg6 29.fxg6 Ne5 30.g7 Bxg7 31.Bxg7
Kxg7 32.Qh6+ Kg8 33.Ng3 Nxg4 34.Qg5+ Kf8 35.Nf5 Ne3+ 36.Qxe3 1-0

[Event "US Open"]
[Site "Vancouver, WA"]
[Date "2012.08.09"]
[Round "4"]
[White "Yu, Robin (CAN)"]
[Black "Zurybida, Paul (WA)"]
[Result "1/2-1/2"]
[WhiteElo "1297"]
[BlackElo "2001"]
[PlyCount "113"]

1.d4 d5 2.c4 c6 3.Nc3 Nf6 4.Nf3 a6 5.e3 Bg4 6.a4 b6 7.a5 b5 8.c5
Nbd7 9.b4 Qc7 10.Be2 O-O-O 11.Nd2 Bxe2 12.Nxe2 e5 13.Bb2 e4 14.h4
g6 15.Nf4 Bg7 16.Nf1 Nb8 17.Qe2 Qd7 18.Nh2 Bh6 19.Nh3 Bg7 20.Nf4
Rde8 21.O-O-O h5 22.Kc2 Qf5 23.g3 Nbd7 24.Rdg1 Bh6 25.Ng2 Reg8
26.Kc3 Kb7 27.Bc1 Bf8 28.Nf4 Be7 29.Bd2 Nf8 30.Nf1 N8h7 31.Bc1
Ng4 32.Nh2 Nhf6 33.Nxg4 Nxg4 34.Rf1 Re8 35.Qc2 Qd7 36.Qe2 Bd8
37.Nh3 Rhf8 38.Nf4 Bc7 39.Rfg1 Bxf4 40.exf4 Re7 41.Be3 Nh6 42.Rf1
Rh8 43.Rc1 Qf5 44.Rcd1 f6 45.Rde1 Nf7 46.Ref1 Nd8 47.Rc1 Ne6
48.Rcd1 Reh7 49.Rc1 g5 50.fxg5 fxg5 51.Rcf1 gxh4 52.Rxh4 Rf7
53.Rfh1 Rfh7 54.R1h2 Ng7 55.Bf4 Ne6 56.Be3 Ng7 57.Bf4 1/2-1/2

[Event "US Open"]
[Site "Vancouver, WA"]
[Date "2012.08.08"]
[Round "5"]
[White "Airapetian, Chouchanik (WA)"]
[Black "Cigan, Jason (OR)"]
[Result "1-0"]
[WhiteElo "2155"]
[BlackElo "1902"]
[PlyCount "53"]

1.e4 c5 2.Nf3 d6 3.d4 cxd4 4.Nxd4 Nf6 5.Nc3 a6 6.Bg5 Nbd7 7.f4
Qc7 8.Qf3 h6 9.Bh4 g5 10.fxg5 hxg5 11.Bxg5 Qc5 12.Be3 Ne5 13.Qe2
Nfg4 14.Bg1 Bh6 15.Nd5 Qa5+ 16.c3 e6 17.Nb3 Qd8 18.Bb6 Qg5 19.Nc7+
Ke7 20.Nxa8 Bd7 21.Nc7 Qf6 22.Nd2 Ba4 23.b3 Nc6 24.Qxg4 Qxc3
25.Rd1 Ne5 26.Qg3 Qb4 27.Be3 1-0

[Event "US Open"]
[Site "Vancouver, WA"]
[Date "2012.08.08"]
[Round "5"]
[White "Bercys, Salvijus (NY)"]
[Black "Gross, Ronald (NV)"]
[Result "1-0"]
[WhiteElo "2479"]
[BlackElo "2145"]
[PlyCount "107"]

1.d4 d5 2.c4 e6 3.Nc3 Nf6 4.Bg5 c5 5.cxd5 cxd4 6.Qxd4 Be7 7.e4
Nc6 8.Bb5 O-O 9.Bxc6 bxc6 10.d6 Qxd6 11.Qxd6 Bxd6 12.O-O-O Bb4
13.Nge2 Ng4 14.Bh4 Ba6 15.Bg3 Rfd8 16.h3 Nf6 17.f3 Bc5 18.Kc2
Kf8 19.Be5 Ke7 20.Nd4 Rac8 21.Rd2 Nd7 22.Bg3 Nb6 23.Rhd1 Bxd4
24.Rxd4 Rxd4 25.Rxd4 Bf1 26.Rd2 Nc4 27.Rf2 Rd8 28.Kc1 Bd3 29.b3
Nb6 30.Bf4 f6 31.Be3 e5 32.a4 Rd7 33.Na2 Ba6 34.Nb4 Bb7 35.a5
Nc8 36.a6 Ba8 37.Bc5+ Ke8 38.Rd2 g6 39.Rxd7 Kxd7 40.Kd2 Kc7 41.Ke3
Nb6 42.Nd3 Nc8 43.h4 Kd7 44.g4 Ke6 45.f4 Nb6 46.g5 fxg5 47.hxg5
exf4+ 48.Nxf4+ Ke5 49.Nd3+ Ke6 50.Kd4 Kf7 51.Ke5 Nd7+ 52.Kd6
Nxc5 53.Nxc5 h5 54.Kd7 1-0

[Event "US Open"]
[Site "Vancouver, WA"]
[Date "2012.08.08"]
[Round "5"]
[White "Bishop, Alan (WA)"]
[Black "Coste, Samuel (OR)"]
[Result "1/2-1/2"]
[WhiteElo "2000"]
[BlackElo "1835"]
[PlyCount "109"]

1.e4 c5 2.Nf3 Nc6 3.d4 cxd4 4.Nxd4 Nf6 5.Nc3 g6 6.Nxc6 bxc6 7.e5
Ng8 8.Bf4 Bg7 9.Bc4 Qb6 10.Bb3 ( 10.Qf3 f6 11.O-O Ba6 12.Bxa6
Qxa6 13.Rfe1 Kf7 14.Rad1 Qb7 15.Rxd7 Qc8 16.e6+ Kf8 17.Bc7 Qb7
18.Red1 Bh6 19.Bd8 {1-0, Gheta S - Ardeshirpoor Ho, Teheran (Iran) 1993}
) f6 11.Nd5 Qa5+ 12.Bd2 Qd8 13.exf6 Nxf6 14.Nxf6+ Bxf6 15.O-O
Bxb2 16.Bh6 d5 17.Rb1 Bf6 18.Re1 Qd6 19.c4 Bf5 20.cxd5 Bxb1 21.Re6
Qb4 22.Qxb1 ( 22.dxc6 Rd8 23.Qxb1 ) cxd5 23.Qd1 Rd8 24.g3 Qd4
25.Qe2 Kf7 26.Kg2 Rhe8 27.Be3 Qb2 28.Bxa7 Qxe2 29.Rxe2 e6 30.Bb6
Rb8 31.Bc5 Rb5 32.Bd6 Rd8 33.Bc7 Rc8 34.Bd6 Rc3 35.Ba4 Rb6 36.Bf4
e5 37.Bxe5 Re6 38.f4 Bxe5 39.fxe5 Re7 40.Bd7 d4 41.e6+ Kf6 42.Kf2
Kf5 43.a4 d3 44.Re1 d2 45.Rd1 Rd3 46.a5 Ra3 47.Rxd2 Rxa5 48.Ke3
Ke5 49.Kf3 h5 50.Re2+ Kf5 51.Rf2 Ra3+ 52.Ke2+ Ke5 53.Kf1 Re3
54.Kg2 Rxe6 55.Bxe6 1/2-1/2

[Event "US Open"]
[Site "Vancouver, WA"]
[Date "2012.08.08"]
[Round "5"]
[White "Bradburn, Greg (WA)"]
[Black "Lundy, George (ID)"]
[Result "0-1"]
[WhiteElo "1112"]
[BlackElo "1649"]
[PlyCount "90"]

1.e4 g6 2.f4 Bg7 3.Ne2 d6 4.c3 f5 5.d3 e6 6.b4 Ne7 7.Bb2 O-O
8.g3 d5 9.Bg2 dxe4 10.dxe4 Qxd1+ 11.Kxd1 Rd8+ 12.Nd2 Na6 13.a3
Bd7 14.exf5 Ba4+ 15.Kc1 c6 16.Nd4 Bxd4 17.cxd4 exf5 18.Re1 Nd5
19.Bxd5+ cxd5 20.Nf3 Rac8+ 21.Kb1 Nb8 22.Re7 Rd7 23.Rxd7 Nxd7
24.Ka2 Nb6 25.Rc1 Rxc1 26.Bxc1 Bb5 27.Nd2 Bc4+ 28.Nxc4 dxc4 29.Bd2
Nd5 30.Kb2 b5 31.h3 Kf7 32.g4 Kf6 33.g5+ Ke6 34.h4 a6 35.Kc2
Nc7 36.Bc3 Kd5 37.Kb2 Ke4 38.Kc2 Kxf4 39.Bd2+ Ke4 40.Kc3 Nd5+
41.Kc2 Kxd4 42.Be1 f4 43.Bf2+ Ne3+ 44.Kd2 c3+ 45.Kc1 Kd3 0-1